000 00634nam a2200229Ia 4500
003 OSt
005 20220918211642.0
006 a|||||r|||| 00| 0
007 ta
008 220917b |||||||| |||| 00| 0 eng d
024 _a125,121
037 _cTextual
040 _aARTS
_cARTS
_beng
041 _2eng
_aeng
082 _aW:(G), N7
100 _aZahariadis Nikolaos
_923272
245 0 _aTheory case and method in comparative politics
260 _aFort
_bWorth Harcourt brace College pub
_c1997
650 _aPOLITICAL SCIENCE
942 _hW:(G), N7
_cTEXL
_2CC
999 _c248306
_d248306